| 000 | 00638nam a2200193Ia 4500 | ||
|---|---|---|---|
| 003 | GCL | ||
| 008 | 140319s9999 xx 000 0 ara d | ||
| 040 |
_aGCL / _cGCL |
||
| 082 | 0 | 4 |
_a219.1 _bن ت |
| 100 | 1 | _aناصر بن عبدالله عمار | |
| 245 | 1 | 0 |
_aالترف ونتائجة على الفرد والمجتمع / _cناصر بن عبدالله عمار |
| 260 |
_a[S.N] : _bمكتبة التراث الاسلامى ، _c1990 |
||
| 300 | _a62 ص | ||
| 490 | _a | ||
| 650 | 0 | 4 | _aالاسلام والحضارة |
| 650 | 0 | 4 | _aالاسلام |
| 650 | 0 | 4 | _aالسلام والاصلاح الاجتماعى |
| 942 |
_2ddc _cBK |
||
| 999 |
_c53046 _d53046 |
||